Guess the Olivia Rodrigo song 5 (no hints) - Statistics

General Stats
  • This quiz has been taken 73 times
  • The average score is 253 of 392
Answer Stats
Answer % Correct
I
94%
a
91%
me
89%
Me
89%
go
87%
my
83%
so
83%
the
83%
be
81%
do
78%
for
76%
it,
76%
it
76%
that
76%
am
74%
did
74%
Want
74%
I'm
72%
it's
72%
like
72%
who
72%
all
70%
got
70%
of
70%
to
70%
And
69%
and
69%
But
69%
love
69%
where
69%
Where
69%
at
67%
bein'
67%
don't
67%
girl
67%
in
67%
a bed
65%
bed
65%
can
65%
just
65%
know
65%
making
65%
Making
65%
some
65%
been
63%
cause
63%
'cause
63%
not
63%
wanna
63%
who's
63%
with
63%
Oh
61%
oh
61%
sometimes
61%
Sometimes
61%
thing
61%
used
61%
could
59%
feel
59%
friends
59%
good
59%
on
59%
people
59%
tired
59%
best
57%
They
57%
they
57%
Another
56%
away
56%
done
56%
Every
56%
every
56%
fun
56%
say
56%
drunk
54%
ruined
54%
throw
54%
what
54%
club
52%
Gettin'
52%
head
52%
piece
52%
plastic
52%
Well
52%
well
52%
as
50%
one
50%
Push
50%
into
48%
let
48%
mine
48%
nothing
48%
over
48%
sheets
48%
Pull
46%
sign
46%
turned
46%
up
46%
dream
44%
forced
44%
playin'
44%
said
44%
took
44%
victim
44%
can't
43%
conversation
43%
has
43%
night
43%
out
43%
something
43%
tell
43%
than
43%
things
43%
day
41%
life
41%
moment
41%
older
41%
perfect
41%
them
41%
wake
41%
attraction
39%
distraction
39%
doesn't
39%
imagined
39%
pretendin'
39%
tourist
39%
wanted
39%
control
37%
dread
37%
from
37%
read
37%
stop
37%
this
37%
city
35%
fair
35%
happen
35%
light
35%
machinery
35%
off
35%
red
35%
road
35%
drivin'
33%
thought
33%
through
33%
someone
31%
They're
31%
changin'
30%
feels
30%
somewhere
30%
weather
30%
brakes
28%
fair-weather
28%
recurrin'
28%
swerve
28%
beautiful
20%
regret
17%
Countin'
13%
it so
7%
No matching quizzes found
Score Distribution
Percent of People with Each Score
Percentile by Number Answered
Your Score History
You have not taken this quiz